1475 1990 1979 1062 1233 1058 1928 1419 1019 1745 1817 1132 1887 1272 1431 1171 1317 1907 1754 1949 1058 1461 1231 2000 1546 1423 1934 1916 1175 1909 1494 1513 1239 1105 1388 1981 1061 1432 1321 1544 1176 1229 1521 1930 1333 1302 1918 1637 1234 1150 1797 1069 1571 1151 1933 1760 1661 1218 1134 1878 1987 1294 1995 1060 1674 1851 1340 1329 1422 1804 1175 1463 1554 1016 1831 1155 1073 1721 1380 1296 1992 1525 1067 1243 1335 1844 1612 1345 1989 1854 1256 1637 1459 1398 1139 1894 1841 1463 1273 BCNSPRNW ULIB Ver.6.0+V

เปลี่ยนเป็นภาษาไทย

Change to English
 แสดงรายละเอียดบรรณานุกรม
  กลับหน้าหลัก

Brief Record : Get Marc (ISO 2709) : E-mail record : QR code < ปิดหน้าต่าง
LEADER : 00000nam 2200000uu 4500
001    13399112105
003     ULIB
008    110727s2553||||th 000 0 tha d
020    ^a9789749803776(ล.3)
060 04 WY105^bส627ป ล.3
110 1  มหาวิทยาลัยสุโขทัยธรรมาธิราช^bสาขาวิชาพยาบาลศาสตร์.
245 0  ^aประมวลสาระชุดวิชาประเด็นและแนวโน้มทางการบริหารการพยาบาล หน่วยที่ 11-15= ^bIssues and trends in nursing management / ^cสาขาวิชาพยาบาลศาสตร์ มหาวิทยาลัยสุโขทัยธรรมาธิราช.
246 31 ^aชุดวิชาประเด็นและแนวโน้มทางการบริหารการพยาบาล
246 31 ^aประเด็นและแนวโน้มทางการบริหารการพยาบาล
246 31 ^aIssues and trends in nursing management
250    ^aพิมพ์ครั้งที่ 2.
260    ^aนนทบุรี : ^bสำนักพิมพ์ มหาวิทยาลัยสุโขทัยธรรมาธิราช, ^c2553.
300    ^a3 เล่ม : ^bภาพประกอบ, แผนภูมิ ; ^c26 ซม.
650  7 การบริหารการพยาบาล
945    ^p0^l0^i18312
995    กัณชพร
999    ^aใช้งานได้ทุกระบบ
รายการนี้ยังไม่มีแท็ก
คุณยังไม่ได้ล็อกอิน คุณสามารถมีกิจกรรมร่วมกับเว็บไซต์ได้ แต่ต้องล็อกอินก่อน ::
  ล็อกอิน

รายการสื่อสารสนเทศ

ลำดับที่ ประเภท เลขเรียก/บาร์โค้ด สถานที่ สถานะ
1. วิทยาศาสตร์การแพทย์ และสุขภาพ
วิทยาศาสตร์การแพทย์ และสุขภาพ
WY105 ส627ป ล.3  
  Barcode: 18312
ห้องสมุดวิทยาเขตนครสวรรค์
►ส่วนจัดเก็บหนังสือเก่า นว.
บนชั้น
  ขอยืม

รายการใกล้เคียง
    หัวเรื่อง [การบริหารการพยาบาล]

BibComment


ยังไม่เคยถูกคอมเมนท์

คอมเมนท์ทรัพยากรรายการนี้
  คอมเมนท์: ประมวลสาระชุดวิช..


 Copyright 2026. Bcnsprnw @Library